000 00465nam a22001457a 4500
008 180421b xxu||||| |||| 00| 0 eng d
020 _a9789584598759
082 _a708
_bC957r
100 _aTupac Cruz
_96232
245 _aRocío en formación
260 _aColombia
_bCalipso Press
_c2016
300 _a60
_c17.4 cm
505 _tEl Reino Rampante
_tLux Victa
_tRocío en Formación
650 _2Arte contempóraneo
_xTexto-arte-conexo
_xExhibiciones
_xLatinoamérica
_96233
999 _c1422
_d1422